Footballeurs à partir de leurs cartes FIFA - Statistiques

Statistiques générales
  • Ce quiz a été pris 2 249 fois
  • Le résultat moyen est 12 sur 20
Statistiques - réponses
Par images Réponse % Correct
Kevin De Bruyne
93%
Mohamed Salah
83%
Ederson
81%
Thibaut Courtois
81%
Kylian Mbappé
71%
Robert Lewandowski
70%
Virgil Van Dijk
61%
Manuel Neuer
58%
N'golo Kanté
56%
Lionel Messi
55%
Neymar JR
55%
Casemiro
54%
Karim Benzema
54%
Harry Kane
52%
Joshua Kimmich
49%
Alisson
46%
Cristiano Ronaldo
46%
Sadio Mané
44%
Jan Oblak
43%
Heug-Min Son
33%
Aucun quiz correspondant
Distribution des résultats
% des personnes avec chaque résultat
Percentile par nombre de réponses
Votre historique - résultats
Vous n’avez pas pris ce quiz